000 02523nam0a2200361 4500
001 RU\NLR\BIBL_A\022709658
005 20260325132334.0
010 _a978-5-93064-361-9
_91000
021 _aRU
_bКН-П-25-072557
_9КН-П-25-7033
035 _a(NLR Aleph) 022709658
090 _a13643740
_c13643740
100 _a20260127d2025 u y0rusy50 ca
101 0 _arus
102 _aRU
105 _ay j 000yy
181 0 _ai4
_baxxe
182 0 _an
200 1 _aАльтернативные методы и перспективные стратегии нейропротекторной терапии при глаукоме
_eучебное пособие для врачей и клинических ординаторов
_fКурышева Н. И., Корнеева А. В., Пономарева С. И., Плиева Х. М.
_gФедеральное медико-биологическое агентство, Федеральное государственное бюджетное учреждение "Государственный научный центр Российской Федерации - Федеральный медицинский биофизический центр имени А. И. Бурназяна", Медико-биологический университет инноваций и непрерывного образования
203 _aТекст
_bвизуальный
_cнепосредственный
210 _aМосква
_cГНЦ ФМБЦ им. А. И. Бурназяна ФМБА России
_d2025
215 _a36 с.
_d21
300 _aНа обороте тит. л. авт.: Курышева Н. И., д-р мед. наук, проф., Корнеева А. В., канд. мед. наук, Пономарева С. И., Плиева Х. М.
320 _aБиблиогр.: с. ь28-33 (69 назв.)
606 1 _aГлаукома
_jУчебные издания
_xТерапия нейропротекторами
_92186296
_3RU\NLR\AUTH\6601550625
686 1 _aР670.91-52я77
701 1 _aКурышева
_bН. И.
_gНаталия Ивановна
701 1 _aКорнеева
_bА. В.
_gАлина Владимировна
701 1 _aПономарёва
_bС. И.
_cофтальмолог
_gСаина Иннокентьевна
_92701902
_3RU\NLR\AUTH\770291382
701 1 _aПлиева
_bХ. М.
_gХава Магамедовна
942 _cBOOK
980 _aNB